Gaming Quiz

Random Gaming or Nintendo Quiz

Invisible Pokémon Quiz Stats

 Plays Quiz Updated Apr 24, 2017

Support Sporcle.
Go Orange.
Score 0/151 Timer 10:00
4 Plays Today
Pokémon % Correct
Bulbasaur
83.5%
Pikachu
82.4%
Charmander
80.8%
Charizard
77.8%
Ivysaur
76.5%
Squirtle
75.9%
Charmeleon
74.1%
Mew
72.1%
Venusaur
72%
Blastoise
71.7%
Raichu
70.8%
Mewtwo
69.9%
Wartortle
69.7%
Pidgey
68.5%
Caterpie
68.2%
Butterfree
68.2%
Pidgeot
67.7%
Weedle
67.2%
Beedrill
66.9%
Metapod
66.7%
Pidgeotto
66.4%
Kakuna
66%
Zapdos
64.1%
Articuno
64%
Moltres
63.4%
Diglett
63.2%
Geodude
62.9%
Eevee
62.7%
Rattata
62.1%
Abra
61.4%
Spearow
61.2%
Fearow
61.2%
Dragonite
61.2%
Gastly
60.7%
Raticate
60.5%
Golem
60.5%
Dratini
60.4%
Dugtrio
60.4%
Haunter
60.3%
Flareon
60.2%
Vaporeon
60.2%
Gengar
60.1%
Jolteon
60.1%
Kadabra
60.1%
Ekans
60.1%
Dragonair
60%
Nidoran (female)
60%
Nidoran (male)
60%
Magikarp
60%
Graveler
60%
Onix
60%
Pokémon % Correct
Alakazam
59.9%
Arbok
59.5%
Jigglypuff
59.4%
Nidoking
59.4%
Nidoqueen
59.2%
Nidorina
58.5%
Nidorino
58.2%
Oddish
58.2%
Gloom
57.9%
Machamp
57.6%
Meowth
57.6%
Machop
57.6%
Arcanine
57.3%
Growlithe
57.1%
Vulpix
57.1%
Jynx
57.1%
Machoke
56.9%
Bellsprout
56.6%
Vileplume
56.3%
Clefairy
56.2%
Wigglytuff
56.2%
Gyarados
55.9%
Lapras
55.5%
Magmar
55.4%
Zubat
55.3%
Snorlax
55.1%
Staryu
55.1%
Voltorb
55%
Electabuzz
54.8%
Persian
54.8%
Clefable
54.7%
Goldeen
54.6%
Starmie
54.6%
Ninetales
54.4%
Weepinbell
54.3%
Electrode
54.1%
Golbat
53.9%
Magnemite
53.9%
Ponyta
53.8%
Seaking
53.8%
Victreebel
53.7%
Koffing
53.6%
Rapidash
53.4%
Hitmonlee
53.4%
Seel
53.3%
Scyther
53.2%
Magneton
53.2%
Sandshrew
53.1%
Weezing
53%
Muk
52.8%
Mr. Mime
52.8%
Pokémon % Correct
Hitmonchan
52.8%
Sandslash
52.7%
Kabuto
52.3%
Dewgong
52%
Kabutops
51.6%
Grimer
51.5%
Psyduck
51.3%
Tauros
51.3%
Ditto
51.1%
Mankey
50.9%
Chansey
50.8%
Horsea
50.5%
Poliwhirl
50.5%
Poliwag
50.5%
Omanyte
50.3%
Venonat
50.3%
Venomoth
50.2%
Doduo
50.1%
Omastar
49.9%
Golduck
49.9%
Poliwrath
49.9%
Rhydon
49.6%
Seadra
49.3%
Aerodactyl
49.2%
Rhyhorn
49.2%
Kangaskhan
48.9%
Primeape
48.8%
Farfetch'd
48.2%
Dodrio
48.2%
Tentacool
47.9%
Paras
47.8%
Tentacruel
47.7%
Pinsir
47.3%
Parasect
47.1%
Slowpoke
47.1%
Hypno
47.1%
Cloyster
46.9%
Slowbro
46.7%
Drowzee
46.6%
Tangela
46.3%
Porygon
46.3%
Shellder
46.2%
Cubone
46.1%
Marowak
44.9%
Exeggcute
44.3%
Exeggutor
43.8%
Krabby
43.7%
Kingler
43.3%
Lickitung
40%

You're not logged in!

Compare scores with friends on all Sporcle quizzes.
OR
Log In
Forgot?

From the Vault

#1 80s Bands Match

by sproutcm

We're taking you back to the 80s. Go ahead, listen to that Walkman cassette player with pride.
Remove Ads.
Support Sporcle.
Get the best of Sporcle when you Go Orange. This ad-free experience offers more features, more stats, and more fun while also helping to support Sporcle. Thank you for becoming a member.

Show Comments

Extras

Top Quizzes Today


Score Distribution

Your Account Isn't Verified!

In order to create a playlist on Sporcle, you need to verify the email address you used during registration. Go to your Sporcle Settings to finish the process.

Report this User

Report this user for behavior that violates our Community Guidelines.

Details: